[Event "Obert Internacional Artur Pomar 2018"]
[Site "Palma de Mallorca ESP"]
[Date "2018.11.27"]
[Round "2.8"]
[White "Sauleda Roig, Jaume"]
[Black "Alonso Bouza, Julio Javier"]
[Result "1-0"]
[WhiteElo "2162"]
[BlackElo "2396"]
[PlyCount "146"]
[EventDate "2018.11.26"]
[EventType "swiss"]
[EventRounds "7"]
[EventCountry "ESP"]
[SourceTitle "Ajedrez en Madrid"]
[Source "lmi"]
[SourceDate "2018.02.26"]
[SourceVersion "1"]
[SourceVersionDate "2019.07.15"]
[SourceQuality "1"]

1. Nf3 g6 2. g3 Bg7 3. d4 d6 4. Bg2 Nd7 5. O-O e5 6. c4 Ne7 7. Nc3 O-O 8. e4
exd4 9. Nxd4 Nc6 10. Nc2 Nce5 11. Ne3 Nb6 12. Qe2 Be6 13. Ncd5 c6 14. Nxb6 Qxb6
15. Rb1 Rfe8 16. Qc2 a5 17. b3 a4 18. b4 Rac8 19. Rd1 Qa6 20. Bf1 Nf3+ 21. Kg2
Ng5 22. f3 d5 23. c5 Bh3+ 24. Kf2 Bxf1 25. Nxf1 Ne6 26. Bb2 Bxb2 27. Rxb2 dxe4
28. fxe4 Ng5 29. Rd4 Re6 30. Qe2 Qa7 31. Rbd2 Rce8 32. Rd8 Nxe4+ 33. Kg2 Nf6
34. Qc4 Kg7 35. Rxe8 Rxe8 36. Qc3 Qa6 37. Rf2 Re6 38. g4 h6 39. h4 Kg8 40. Rxf6
Qe2+ 41. Rf2 Qxg4+ 42. Ng3 Qxh4 43. Qf3 Qe7 44. Re2 h5 45. Rxe6 Qxe6 46. Qe2
Qd5+ 47. Kh3 Qd7+ 48. Kg2 Qd5+ 49. Kh3 a3 50. Qe8+ Kg7 51. Ne4 Qf5+ 52. Kg2 Qd5
53. Kg3 Qd4 54. Qe7 Qe3+ 55. Kg2 Qe2+ 56. Kg3 Qe3+ 57. Kg2 Qe2+ 58. Kg3 Qg4+
59. Kf2 Qf4+ 60. Ke2 h4 61. Nd6 h3 62. Ne8+ Kh6 63. Qf8+ Kg5 64. Qe7+ Kg4 65.
Nf6+ Kg3 66. Qd6 h2 67. Ne4+ Kg4 68. Nf2+ Qxf2+ 69. Kxf2 h1=Q 70. Qg3+ Kf5 71.
Qd3+ Qe4 72. Qd7+ Kf6 73. Qd6+ Kf5 1-0

[Event "Obert Internacional Artur Pomar 2018"]
[Site "Palma de Mallorca ESP"]
[Date "2018.11.27"]
[Round "2.9"]
[White "Szabo, Bence"]
[Black "Kovalenko, Vladimir N."]
[Result "1-0"]
[WhiteElo "2373"]
[BlackElo "2077"]
[PlyCount "77"]
[EventDate "2018.11.26"]
[EventType "swiss"]
[EventRounds "7"]
[EventCountry "ESP"]
[SourceTitle "Ajedrez en Madrid"]
[Source "lmi"]
[SourceDate "2018.02.26"]
[SourceVersion "1"]
[SourceVersionDate "2019.07.15"]
[SourceQuality "1"]

1. Nf3 Nf6 2. c4 g6 3. Nc3 Bg7 4. g3 O-O 5. Bg2 d6 6. d4 Nc6 7. d5 Na5 8. Nd2
c5 9. O-O a6 10. a3 Qc7 11. e4 Rb8 12. Qc2 b5 13. cxb5 axb5 14. b4 cxb4 15.
axb4 Nxd5 16. exd5 Bf5 17. Nde4 Nc4 18. Ra2 Rfc8 19. Qb3 Qb6 20. h3 h5 21. Bg5
Rc7 22. Qd1 Rbc8 23. g4 hxg4 24. hxg4 Bxe4 25. Nxe4 Nb2 26. Qb3 Nc4 27. Re1 Qd4
28. Rd1 Qb6 29. Qh3 Ne5 30. Be3 Qb7 31. Ra7 Qb8 32. Rxc7 Rxc7 33. f4 Nc4 34.
Bf2 Qa8 35. f5 Qa4 36. Re1 Ne5 37. fxg6 Nxg6 38. Ng5 Qxb4 39. Rf1 1-0

[Event "Obert Internacional Artur Pomar 2018"]
[Site "Palma de Mallorca ESP"]
[Date "2018.11.27"]
[Round "2.10"]
[White "Lazarte Anello, David Emiliano"]
[Black "Ivanov, Jordan"]
[Result "1/2-1/2"]
[WhiteElo "2097"]
[BlackElo "2367"]
[PlyCount "166"]
[EventDate "2018.11.26"]
[EventType "swiss"]
[EventRounds "7"]
[EventCountry "ESP"]
[SourceTitle "Ajedrez en Madrid"]
[Source "lmi"]
[SourceDate "2018.02.26"]
[SourceVersion "1"]
[SourceVersionDate "2019.07.15"]
[SourceQuality "1"]

1. e4 c5 2. Nf3 e6 3. d4 cxd4 4. Nxd4 Nf6 5. Nc3 Nc6 6. Ndb5 Bc5 7. Bf4 O-O 8.
Bc7 Qe7 9. Bd6 Bxd6 10. Qxd6 Qd8 11. O-O-O a6 12. Nd4 Qb6 13. Nxc6 bxc6 14. f3
Ne8 15. Qd4 c5 16. Qe3 Rb8 17. b3 Qa5 18. Na4 d6 19. Qc3 Rb4 20. Qe1 Qc7 21.
Qc3 Nf6 22. Bc4 a5 23. Nb2 Bb7 24. a3 Rb6 25. Na4 d5 26. Qxa5 Nd7 27. exd5 exd5
28. Bxd5 Ra8 29. Qc3 Rxa4 30. bxa4 Qf4+ 31. Qd2 Qe5 32. Bxf7+ Kxf7 33. Qxd7+
Kg6 34. Rhe1 Qf4+ 35. Qd2 Qf6 36. Qd3+ Kh6 37. Qe3+ g5 38. Qe5 Qg6 39. Re3 c4
40. f4 g4 41. h3 c3 42. Rxc3 Re6 43. Qc7 Bxg2 44. hxg4 Qxg4 45. Rd6 Qxf4+ 46.
Rd2 Re1+ 47. Kb2 Qxd2 48. Qh2+ Kg6 49. Rg3+ Kf6 50. Qxg2 Qc1+ 51. Kb3 Qb1+ 52.
Kc4 Qa2+ 53. Rb3 Re8 54. Qf3+ Kg7 55. Qg4+ Kf6 56. Qf4+ Kg6 57. Qg4+ Kf6 58.
Qh4+ Kg6 59. Kd3 Re6 60. Qg4+ Kf6 61. Qd4+ Kg6 62. Qg4+ Kf6 63. Qd4+ Kg6 64.
Qb2 Rd6+ 65. Kc4 Qxb2 66. Rxb2 h5 67. a5 Rd8 68. Rb6+ Kg5 69. a6 h4 70. Rb3 Kg4
71. Kc5 h3 72. Rxh3 Kxh3 73. a7 Kg4 74. Kb6 Rg8 75. c4 Kf5 76. c5 Ke6 77. Kb7
Rg7+ 78. Kb6 Rg8 79. c6 Kd6 80. c7 Kd7 81. Kb7 Ra8 82. a4 Rxa7+ 83. Kxa7 Kxc7
1/2-1/2

[Event "Obert Internacional Artur Pomar 2018"]
[Site "Palma de Mallorca ESP"]
[Date "2018.11.27"]
[Round "2.11"]
[White "Genocchio, Daniele"]
[Black "Juan Mas, Santiago"]
[Result "0-1"]
[WhiteElo "2364"]
[BlackElo "2041"]
[PlyCount "50"]
[EventDate "2018.11.26"]
[EventType "swiss"]
[EventRounds "7"]
[EventCountry "ESP"]
[SourceTitle "Ajedrez en Madrid"]
[Source "lmi"]
[SourceDate "2018.02.26"]
[SourceVersion "1"]
[SourceVersionDate "2019.07.15"]
[SourceQuality "1"]

1. d4 d5 2. c4 Nc6 3. cxd5 Qxd5 4. e3 e5 5. Nc3 Bb4 6. Bd2 Bxc3 7. Bxc3 exd4 8.
Ne2 Nf6 9. Nxd4 O-O 10. Nb5 Qg5 11. h4 Qh6 12. Nxc7 Bg4 13. Qa4 Rac8 14. Nb5
Rfd8 15. Nd4 Nxd4 16. Bxd4 Qg6 17. Be2 Bxe2 18. Kxe2 Rc2+ 19. Kf1 Qf5 20. f3
Qd3+ 21. Kg1 Qe2 22. Rh2 Qf2+ 23. Kh1 Nh5 24. Be5 Re2 25. Qb4 Rdd2 0-1

[Event "Obert Internacional Artur Pomar 2018"]
[Site "Palma de Mallorca ESP"]
[Date "2018.11.27"]
[Round "2.12"]
[White "Maalla, Abdessadek"]
[Black "Mascaro March, Pedro"]
[Result "0-1"]
[WhiteElo "2085"]
[BlackElo "2362"]
[PlyCount "71"]
[EventDate "2018.11.26"]
[EventType "swiss"]
[EventRounds "7"]
[EventCountry "ESP"]
[SourceTitle "Ajedrez en Madrid"]
[Source "lmi"]
[SourceDate "2018.02.26"]
[SourceVersion "1"]
[SourceVersionDate "2019.07.15"]
[SourceQuality "1"]

1. d4 Nf6 2. c4 e6 3. Nf3 Bb4+ 4. Bd2 Qe7 5. Nc3 b6 6. g3 Bb7 7. Bg2 Bxc3 8.
Bxc3 Ne4 9. Qc2 Nxc3 10. Qxc3 d6 11. O-O O-O 12. Rfd1 Nd7 13. Rac1 Rfd8 14. Qc2
c5 15. Ng5 Nf6 16. Ne4 Bxe4 17. Bxe4 Rac8 18. Bf3 cxd4 19. Rxd4 d5 20. Qb1 e5
21. Rxd5 Nxd5 22. Bxd5 b5 23. b3 g6 24. e4 bxc4 25. bxc4 Kg7 26. Qc2 Qc5 27.
Qb2 Re8 28. Qb7 Re7 29. Qa6 Rb8 30. Rc3 Rb6 31. Qa3 Rc7 32. Qxc5 Rxc5 33. Ra3
a5 34. f4 f6 35. Kg2 Rb2+ 36. Kf3 0-1

[Event "Obert Internacional Artur Pomar 2018"]
[Site "Palma de Mallorca ESP"]
[Date "2018.11.27"]
[Round "2.14"]
[White "Matas Artigues, Josep"]
[Black "Georgiev, Krum"]
[Result "0-1"]
[WhiteElo "1578"]
[BlackElo "2331"]
[PlyCount "54"]
[EventDate "2018.11.26"]
[EventType "swiss"]
[EventRounds "7"]
[EventCountry "ESP"]
[SourceTitle "Ajedrez en Madrid"]
[Source "lmi"]
[SourceDate "2018.02.26"]
[SourceVersion "1"]
[SourceVersionDate "2019.07.15"]
[SourceQuality "1"]

1. d4 Nf6 2. c4 g6 3. Nf3 Bg7 4. Nc3 O-O 5. g3 d6 6. Bg2 c6 7. O-O a6 8. e4
Nbd7 9. Be3 b5 10. cxb5 axb5 11. a3 Nb6 12. Nd2 Nfd7 13. f4 Rb8 14. e5 c5 15.
dxc5 Nxc5 16. exd6 exd6 17. Nde4 Nc4 18. Bf2 Nxe4 19. Bxe4 Bh3 20. Re1 Nxb2 21.
Qb3 Na4 22. Nxa4 bxa4 23. Qxa4 Bxa1 24. Rxa1 Re8 25. Bf3 Qf6 26. Qd4 Qxd4 27.
Bxd4 Bf5 0-1

[Event "Obert Internacional Artur Pomar 2018"]
[Site "Palma de Mallorca ESP"]
[Date "2018.11.27"]
[Round "2.16"]
[White "Planas Gene, Juan"]
[Black "Ponce Cano, Adrian"]
[Result "1/2-1/2"]
[WhiteElo "1998"]
[BlackElo "2163"]
[PlyCount "50"]
[EventDate "2018.11.26"]
[EventType "swiss"]
[EventRounds "7"]
[EventCountry "ESP"]
[SourceTitle "Ajedrez en Madrid"]
[Source "lmi"]
[SourceDate "2018.02.26"]
[SourceVersion "1"]
[SourceVersionDate "2019.07.15"]
[SourceQuality "1"]

1. d4 f5 2. Nf3 Nf6 3. c4 g6 4. Nc3 d6 5. g3 Bg7 6. Bg2 O-O 7. O-O Nc6 8. d5
Na5 9. Nd2 c5 10. Qc2 Bd7 11. b3 Qe8 12. Bb2 g5 13. e4 f4 14. Ne2 Qh5 15. f3
Ne8 16. Bxg7 Nxg7 17. Qc3 b6 18. e5 Qg6 19. e6 Be8 20. g4 h5 21. h3 Qh6 22. Rf2
Bg6 23. Re1 Ne8 24. Nc1 Nf6 25. Bf1 h4 1/2-1/2

[Event "Obert Internacional Artur Pomar 2018"]
[Site "Palma de Mallorca ESP"]
[Date "2018.11.27"]
[Round "2.17"]
[White "Georgiev, Biser"]
[Black "Perez Gandesa, Jose Antonio"]
[Result "1-0"]
[WhiteElo "2240"]
[BlackElo "1833"]
[PlyCount "46"]
[EventDate "2018.11.26"]
[EventType "swiss"]
[EventRounds "7"]
[EventCountry "ESP"]
[SourceTitle "Ajedrez en Madrid"]
[Source "lmi"]
[SourceDate "2018.02.26"]
[SourceVersion "1"]
[SourceVersionDate "2019.07.15"]
[SourceQuality "1"]

1. Nf3 Nf6 2. c4 e6 3. Nc3 c5 4. g3 g6 5. Bg2 Bg7 6. d4 cxd4 7. Nxd4 a6 8. O-O
O-O 9. h3 Qc7 10. Qb3 d6 11. Be3 Nbd7 12. Rac1 Rb8 13. Rfd1 e5 14. Nc2 Re8 15.
Nb4 Nb6 16. Ncd5 Nbxd5 17. cxd5 Qe7 18. Nxa6 Bxh3 19. Nxb8 Bxg2 20. Kxg2 Rxb8
21. Qc4 Ne8 22. a4 f5 23. f3 g5 1-0

[Event "Obert Internacional Artur Pomar 2018"]
[Site "Palma de Mallorca ESP"]
[Date "2018.11.27"]
[Round "2.19"]
[White "Canyelles Sureda, Joan"]
[Black "Rodriguez Sanchez, Rafael"]
[Result "0-1"]
[WhiteElo "1426"]
[BlackElo "1847"]
[PlyCount "90"]
[EventDate "2018.11.26"]
[EventType "swiss"]
[EventRounds "7"]
[EventCountry "ESP"]
[SourceTitle "Ajedrez en Madrid"]
[Source "lmi"]
[SourceDate "2018.02.26"]
[SourceVersion "1"]
[SourceVersionDate "2019.07.15"]
[SourceQuality "1"]

1. e4 c5 2. Nf3 g6 3. d4 cxd4 4. Nxd4 Nc6 5. Nf3 Bg7 6. Bc4 Nf6 7. Nc3 O-O 8.
O-O d6 9. h3 Bd7 10. Bf4 Rc8 11. Bb3 a6 12. a3 Na5 13. Ba2 Nc4 14. Rb1 b5 15.
Nd2 Nh5 16. Bh2 Nxb2 17. Rxb2 Rxc3 18. Rb3 Qc7 19. Rxc3 Qxc3 20. Bb3 Rc8 21.
Nb1 Qc5 22. Qf3 Nf6 23. Re1 Bc6 24. Nd2 Bb7 25. Qd3 Qc3 26. Qe2 Bh6 27. f4 e6
28. Nb1 Qc5+ 29. Kh1 Nxe4 30. Rf1 Qd4 31. Qe1 d5 32. Rf3 Bg7 33. Bg1 Qb2 34.
Nd2 Bc3 35. Be3 d4 36. Bxd4 Bxd2 37. Bxb2 Bxe1 38. Kg1 Bc3 39. Bc1 Rd8 40. Kh2
Rd1 41. Be3 Bd4 42. c3 Rb1 43. Bc2 Rb2 44. Bxd4 Rxc2 45. Be5 Bd5 0-1

[Event "Obert Internacional Artur Pomar 2018"]
[Site "Palma de Mallorca ESP"]
[Date "2018.11.27"]
[Round "2.20"]
[White "Torres Mari, Juan"]
[Black "Gjestemoen-Vonhirsch, Andre"]
[Result "0-1"]
[WhiteElo "1604"]
[BlackElo "1993"]
[PlyCount "27"]
[EventDate "2018.11.26"]
[EventType "swiss"]
[EventRounds "7"]
[EventCountry "ESP"]
[SourceTitle "Ajedrez en Madrid"]
[Source "lmi"]
[SourceDate "2018.02.26"]
[SourceVersion "1"]
[SourceVersionDate "2019.07.15"]
[SourceQuality "1"]

1. d4 Nf6 2. c4 c5 3. e3 g6 4. Nc3 Bg7 5. Nf3 cxd4 6. exd4 d5 7. c5 O-O 8. Bd3
Nc6 9. O-O Bg4 10. Be3 Bxf3 11. Qxf3 Ne8 12. Ne2 Qd7 13. Bb5 Nc7 14. Ba4 0-1

[Event "Obert Internacional Artur Pomar 2018"]
[Site "Palma de Mallorca ESP"]
[Date "2018.11.28"]
[Round "3.1"]
[White "Szabo, Bence"]
[Black "Zubov, Alexander"]
[Result "0-1"]
[WhiteElo "2373"]
[BlackElo "2597"]
[PlyCount "58"]
[EventDate "2018.11.26"]
[EventType "swiss"]
[EventRounds "7"]
[EventCountry "ESP"]
[SourceTitle "Ajedrez en Madrid"]
[Source "lmi"]
[SourceDate "2018.02.26"]
[SourceVersion "1"]
[SourceVersionDate "2019.07.15"]
[SourceQuality "1"]

1. Nf3 d5 2. c4 d4 3. g3 Nc6 4. Bg2 e5 5. O-O e4 6. Ne1 h5 7. d3 h4 8. Bxe4 Bh3
9. Qb3 Rb8 10. Ng2 Be7 11. Re1 hxg3 12. hxg3 Nf6 13. Bf3 Nd7 14. Nf4 Bf5 15.
Nd2 Nce5 16. Ne4 c6 17. Ng2 Kf8 18. Rd1 Nxf3+ 19. exf3 Ne5 20. Ne1 Qd7 21. Kf1
Re8 22. Bf4 Ng6 23. Bd2 Bh3+ 24. Kg1 f5 25. Ng5 Bxg5 26. Bxg5 f4 27. Qb4+ Kg8
28. Qc5 Re5 29. Qxa7 Rxg5 0-1

[Event "Obert Internacional Artur Pomar 2018"]
[Site "Palma de Mallorca ESP"]
[Date "2018.11.28"]
[Round "3.2"]
[White "Aroshidze, Levan"]
[Black "Pogorelov, Ruslan"]
[Result "1-0"]
[WhiteElo "2514"]
[BlackElo "2347"]
[PlyCount "58"]
[EventDate "2018.11.26"]
[EventType "swiss"]
[EventRounds "7"]
[EventCountry "ESP"]
[SourceTitle "Ajedrez en Madrid"]
[Source "lmi"]
[SourceDate "2018.02.26"]
[SourceVersion "1"]
[SourceVersionDate "2019.07.15"]
[SourceQuality "1"]

1. e4 c6 2. d4 d5 3. e5 Bf5 4. Nf3 e6 5. Be2 Nd7 6. O-O Bg6 7. a4 Rc8 8. a5 a6
9. c3 Bxb1 10. Rxb1 Qxa5 11. Bd3 g6 12. b4 Qc7 13. Ng5 h6 14. Nxe6 fxe6 15.
Bxg6+ Kd8 16. Qf3 Qb8 17. Bf7 Nxe5 18. dxe5 Qxe5 19. Be3 Bd6 20. Qh3 Kc7 21.
Bd4 Qf4 22. Bxe6 Nf6 23. Bxc8 Rxc8 24. Bxf6 Qxf6 25. Rbe1 Be5 26. Re3 Rf8 27.
Rf3 Qg7 28. Rxf8 Qxf8 29. f4 Bf6 1-0

[Event "Obert Internacional Artur Pomar 2018"]
[Site "Palma de Mallorca ESP"]
[Date "2018.11.28"]
[Round "3.3"]
[White "Mascaro March, Pedro"]
[Black "Vasquez Schroeder, Rodrigo"]
[Result "1/2-1/2"]
[WhiteElo "2362"]
[BlackElo "2490"]
[PlyCount "59"]
[EventDate "2018.11.26"]
[EventType "swiss"]
[EventRounds "7"]
[EventCountry "ESP"]
[SourceTitle "Ajedrez en Madrid"]
[Source "lmi"]
[SourceDate "2018.02.26"]
[SourceVersion "1"]
[SourceVersionDate "2019.07.15"]
[SourceQuality "1"]

1. d4 d5 2. Nf3 Nf6 3. c4 c6 4. cxd5 cxd5 5. Nc3 Nc6 6. Bf4 Ne4 7. e3 Nxc3 8.
bxc3 e6 9. Be2 Bd6 10. Bxd6 Qxd6 11. O-O O-O 12. Nd2 b6 13. c4 Bb7 14. cxd5
Qxd5 15. Bf3 Qd7 16. Qa4 Rac8 17. Rac1 Rfd8 18. Rfd1 h6 19. h3 Rc7 20. Qa3 Rdc8
21. Nc4 Ne7 22. Bxb7 Rxb7 23. Ne5 Qd8 24. Rxc8 Qxc8 25. Rc1 Rc7 26. Rxc7 Qxc7
27. Qa4 Kf8 28. Nd7+ Kg8 29. Ne5 Kf8 30. Nd7+ 1/2-1/2

[Event "Obert Internacional Artur Pomar 2018"]
[Site "Palma de Mallorca ESP"]
[Date "2018.11.28"]
[Round "3.4"]
[White "Nagy, Gabor"]
[Black "Nikolaev, Leonid"]
[Result "1-0"]
[WhiteElo "2464"]
[BlackElo "2284"]
[PlyCount "67"]
[EventDate "2018.11.26"]
[EventType "swiss"]
[EventRounds "7"]
[EventCountry "ESP"]
[SourceTitle "Ajedrez en Madrid"]
[Source "lmi"]
[SourceDate "2018.02.26"]
[SourceVersion "1"]
[SourceVersionDate "2019.07.15"]
[SourceQuality "1"]

1. c4 g6 2. Nf3 Bg7 3. d4 c5 4. e4 cxd4 5. Nxd4 Qb6 6. Nb3 d6 7. Be2 Nc6 8. O-O
Be6 9. Be3 Qc7 10. Qd2 Nf6 11. Nc3 O-O 12. Rac1 Rac8 13. Nd5 Qb8 14. f3 Rfe8
15. Kh1 Ne5 16. Nd4 Bxd5 17. exd5 a6 18. a4 e6 19. dxe6 fxe6 20. Rfd1 d5 21.
cxd5 exd5 22. b3 Rxc1 23. Rxc1 Qd6 24. Bf2 Qa3 25. Rd1 Ned7 26. Bf1 Qf8 27. Qa5
Qf7 28. Qc7 Ne5 29. Rc1 Qe7 30. Qb6 Rd8 31. Qe6+ Kf8 32. Re1 Nh5 33. Qxe7+ Kxe7
34. Bh4+ 1-0

[Event "Obert Internacional Artur Pomar 2018"]
[Site "Palma de Mallorca ESP"]
[Date "2018.11.28"]
[Round "3.5"]
[White "Georgiev, Krum"]
[Black "Minzer, Claudio Javier"]
[Result "1-0"]
[WhiteElo "2331"]
[BlackElo "2437"]
[PlyCount "82"]
[EventDate "2018.11.26"]
[EventType "swiss"]
[EventRounds "7"]
[EventCountry "ESP"]
[SourceTitle "Ajedrez en Madrid"]
[Source "lmi"]
[SourceDate "2018.02.26"]
[SourceVersion "1"]
[SourceVersionDate "2019.07.15"]
[SourceQuality "1"]

1. e4 c5 2. Nf3 Nc6 3. Bb5 g6 4. O-O Bg7 5. c3 Nf6 6. Re1 O-O 7. h3 e5 8. d3 d6
9. Bxc6 bxc6 10. Qa4 Qc7 11. Na3 Be6 12. Nc4 Rab8 13. Ng5 Bxc4 14. Qxc4 h6 15.
Nf3 Nd7 16. a3 Nb6 17. Qa2 Na4 18. c4 f5 19. b4 fxe4 20. dxe4 Qf7 21. Qc2 Nb6
22. bxc5 Qxc4 23. Ra2 Qxc5 24. Qxc5 dxc5 25. Rc2 Nd7 26. Be3 Rfc8 27. Rec1 Rb7
28. Nd2 Nf8 29. Rxc5 Ne6 30. Ra5 Rd7 31. Rb1 c5 32. Nc4 Nd4 33. Ra6 Ne2+ 34.
Kf1 Nc3 35. Rc1 Nxe4 36. Rxg6 Kh7 37. Re6 Rd4 38. Re7 Rf8 39. Bxd4 cxd4 40.
Nxe5 Ng5 41. Ke1 Rf5 1-0

[Event "Obert Internacional Artur Pomar 2018"]
[Site "Palma de Mallorca ESP"]
[Date "2018.11.28"]
[Round "3.6"]
[White "Sauleda Roig, Jaume"]
[Black "Kjartansson, Gudmundur"]
[Result "0-1"]
[WhiteElo "2162"]
[BlackElo "2423"]
[PlyCount "62"]
[EventDate "2018.11.26"]
[EventType "swiss"]
[EventRounds "7"]
[EventCountry "ESP"]
[SourceTitle "Ajedrez en Madrid"]
[Source "lmi"]
[SourceDate "2018.02.26"]
[SourceVersion "1"]
[SourceVersionDate "2019.07.15"]
[SourceQuality "1"]

1. Nf3 Nf6 2. g3 b5 3. Bg2 Bb7 4. d4 e6 5. O-O c5 6. b3 Qc7 7. a4 b4 8. Bb2 d5
9. dxc5 Nbd7 10. c3 Bxc5 11. cxb4 Bxb4 12. Na3 a6 13. Rc1 Qd6 14. Nc2 Bc5 15.
b4 Ba7 16. e4 Qe7 17. exd5 Bxd5 18. Ncd4 Qxb4 19. Bc3 Qe7 20. Re1 O-O 21. Ng5
Bxg2 22. Kxg2 Qc5 23. Qd2 Qd5+ 24. f3 Rfc8 25. Ne2 Nc5 26. Rcd1 Qxd2 27. Rxd2
Nd5 28. a5 h6 29. Nh3 Nxc3 30. Nxc3 Nb3 31. Rd3 Nxa5 0-1

[Event "Obert Internacional Artur Pomar 2018"]
[Site "Palma de Mallorca ESP"]
[Date "2018.11.28"]
[Round "3.7"]
[White "Ivanov, Jordan"]
[Black "Sayrol Clols, Josep Maria"]
[Result "1-0"]
[WhiteElo "2367"]
[BlackElo "2073"]
[PlyCount "77"]
[EventDate "2018.11.26"]
[EventType "swiss"]
[EventRounds "7"]
[EventCountry "ESP"]
[SourceTitle "Ajedrez en Madrid"]
[Source "lmi"]
[SourceDate "2018.02.26"]
[SourceVersion "1"]
[SourceVersionDate "2019.07.15"]
[SourceQuality "1"]

1. Nf3 c5 2. c4 Nc6 3. d4 cxd4 4. Nxd4 g6 5. e4 Bg7 6. Be3 Nf6 7. Nc3 O-O 8.
Be2 d6 9. O-O Bd7 10. Qd2 Nxd4 11. Bxd4 Bc6 12. f3 a5 13. Rab1 a4 14. b4 axb3
15. axb3 Nh5 16. Be3 Qa5 17. b4 Qe5 18. Rb3 Qe6 19. b5 Bxc3 20. Rxc3 Bd7 21. c5
Ra2 22. Qd1 Qf6 23. Rc1 Nf4 24. Rf2 dxc5 25. Bf1 Rxf2 26. Bxf2 Be6 27. Rxc5 Qb2
28. Rc7 Bb3 29. Qd4 Qb1 30. Qd2 e5 31. Be3 Ne6 32. Rxb7 Nd4 33. Qc1 Qa2 34. Bh6
Re8 35. Re7 Qa8 36. Rxe8+ Qxe8 37. Qc7 Ne6 38. Qxe5 Qd8 39. Be3 1-0

[Event "Obert Internacional Artur Pomar 2018"]
[Site "Palma de Mallorca ESP"]
[Date "2018.11.28"]
[Round "3.8"]
[White "Planas Gene, Juan"]
[Black "Georgiev, Biser"]
[Result "1-0"]
[WhiteElo "1998"]
[BlackElo "2240"]
[PlyCount "77"]
[EventDate "2018.11.26"]
[EventType "swiss"]
[EventRounds "7"]
[EventCountry "ESP"]
[SourceTitle "Ajedrez en Madrid"]
[Source "lmi"]
[SourceDate "2018.02.26"]
[SourceVersion "1"]
[SourceVersionDate "2019.07.15"]
[SourceQuality "1"]

1. d4 g6 2. c4 Nf6 3. Nc3 d5 4. cxd5 Nxd5 5. e4 Nxc3 6. bxc3 Bg7 7. Nf3 O-O 8.
Be2 b6 9. O-O Bb7 10. Qc2 Nd7 11. Bf4 Re8 12. Rad1 Qc8 13. e5 e6 14. Ng5 c5 15.
Qd3 Rd8 16. Qh3 Nf8 17. Bf3 Rb8 18. Bxb7 Qxb7 19. Qe3 Qd5 20. Ne4 cxd4 21. cxd4
Qxa2 22. Bg5 a5 23. Bxd8 Rxd8 24. Rb1 Nd7 25. Nd6 Bf8 26. Qg5 Rb8 27. Rbc1 f6
28. Qe3 Bxd6 29. exd6 Qd5 30. Rc7 Qxd6 31. Rfc1 Re8 32. Rb7 Re7 33. Rcc7 Rf7
34. h4 e5 35. Qb3 a4 36. Qxf7+ Kxf7 37. Rxd7+ Qxd7 38. Rxd7+ Ke6 39. Rb7 1-0

[Event "Obert Internacional Artur Pomar 2018"]
[Site "Palma de Mallorca ESP"]
[Date "2018.11.28"]
[Round "3.9"]
[White "Rodriguez Sanchez, Rafael"]
[Black "Baklanova, Tatiana"]
[Result "1/2-1/2"]
[WhiteElo "1847"]
[BlackElo "2196"]
[PlyCount "36"]
[EventDate "2018.11.26"]
[EventType "swiss"]
[EventRounds "7"]
[EventCountry "ESP"]
[SourceTitle "Ajedrez en Madrid"]
[Source "lmi"]
[SourceDate "2018.02.26"]
[SourceVersion "1"]
[SourceVersionDate "2019.07.15"]
[SourceQuality "1"]

1. e4 e6 2. d4 d5 3. exd5 exd5 4. Nf3 c5 5. dxc5 Bxc5 6. Be2 Ne7 7. O-O O-O 8.
Nbd2 Nbc6 9. Nb3 Bb6 10. Nbd4 Bg4 11. Be3 a6 12. Re1 Re8 13. Qd2 Bc7 14. Bf4
Ng6 15. Bxc7 Qxc7 16. Bf1 Re4 17. c3 Qb6 18. Bd3 Ree8 1/2-1/2

[Event "Obert Internacional Artur Pomar 2018"]
[Site "Palma de Mallorca ESP"]
[Date "2018.11.28"]
[Round "3.10"]
[White "Alonso Bouza, Julio Javier"]
[Black "Lazarte Anello, David Emiliano"]
[Result "1-0"]
[WhiteElo "2396"]
[BlackElo "2097"]
[PlyCount "65"]
[EventDate "2018.11.26"]
[EventType "swiss"]
[EventRounds "7"]
[EventCountry "ESP"]
[SourceTitle "Ajedrez en Madrid"]
[Source "lmi"]
[SourceDate "2018.02.26"]
[SourceVersion "1"]
[SourceVersionDate "2019.07.15"]
[SourceQuality "1"]

1. d4 Nf6 2. Nf3 g6 3. Nc3 c5 4. e4 cxd4 5. Nxd4 d6 6. Be3 Bg7 7. f3 Nc6 8. Qd2
Qa5 9. O-O-O Bd7 10. Bc4 Ne5 11. Bb3 Rc8 12. Kb1 Nc4 13. Bxc4 Rxc4 14. Nb3 Qc7
15. Bd4 Rxd4 16. Qxd4 a6 17. Nd5 Qd8 18. Qb6 Nxd5 19. Qxd8+ Kxd8 20. Rxd5 Kc7
21. c4 Be6 22. Rd3 Kb6 23. Rc1 Rc8 24. Nd2 Bh6 25. b3 Bg5 26. Re1 h5 27. Nf1
Ka5 28. Ne3 b5 29. cxb5 axb5 30. Rc1 Rh8 31. Rc6 f5 32. b4+ Kxb4 33. Nc2+ 1-0

[Event "Obert Internacional Artur Pomar 2018"]
[Site "Palma de Mallorca ESP"]
[Date "2018.11.28"]
[Round "3.11"]
[White "Moreno Garcia, Alfonso"]
[Black "Genocchio, Daniele"]
[Result "0-1"]
[WhiteElo "1940"]
[BlackElo "2364"]
[PlyCount "50"]
[EventDate "2018.11.26"]
[EventType "swiss"]
[EventRounds "7"]
[EventCountry "ESP"]
[SourceTitle "Ajedrez en Madrid"]
[Source "lmi"]
[SourceDate "2018.02.26"]
[SourceVersion "1"]
[SourceVersionDate "2019.07.15"]
[SourceQuality "1"]

1. e4 g6 2. d4 Bg7 3. Nf3 d6 4. Be2 a6 5. a4 b6 6. O-O Bb7 7. Nc3 Nd7 8. Re1 e6
9. Bg5 Ne7 10. Qd2 h6 11. Bf4 g5 12. Bg3 Nf6 13. e5 Nh5 14. exd6 cxd6 15. Bc4
O-O 16. h4 Nf5 17. hxg5 Bxf3 18. gxf3 Nhxg3 19. fxg3 Bxd4+ 20. Kg2 Qxg5 21.
Qxg5+ hxg5 22. Ne2 Be5 23. g4 Nh4+ 24. Kf2 Ng6 25. c3 Kg7 0-1

[Event "Obert Internacional Artur Pomar 2018"]
[Site "Palma de Mallorca ESP"]
[Date "2018.11.28"]
[Round "3.12"]
[White "Damia, Angelo"]
[Black "Penas Fuster, Jaime"]
[Result "1-0"]
[WhiteElo "2276"]
[BlackElo "1920"]
[PlyCount "47"]
[EventDate "2018.11.26"]
[EventType "swiss"]
[EventRounds "7"]
[EventCountry "ESP"]
[SourceTitle "Ajedrez en Madrid"]
[Source "lmi"]
[SourceDate "2018.02.26"]
[SourceVersion "1"]
[SourceVersionDate "2019.07.15"]
[SourceQuality "1"]

1. e4 c5 2. a3 e6 3. b4 cxb4 4. axb4 Nf6 5. e5 Nd5 6. b5 d6 7. c4 Nb6 8. exd6
Bxd6 9. d4 Bb4+ 10. Bd2 Qe7 11. Bxb4 Qxb4+ 12. Qd2 Qxd2+ 13. Kxd2 N8d7 14. Nc3
Nf6 15. c5 Nbd5 16. Nxd5 exd5 17. Bd3 O-O 18. f3 Bd7 19. Ne2 Ne8 20. Nc3 Nc7
21. Rhb1 Rfb8 22. Rxa7 Rxa7 23. b6 Raa8 24. bxc7 1-0